000 00603cam a22001811 4500
082 _a621.56
_bSEV
_cL-8, P-19
100 1 _aSeverns, William H.
_941962
245 1 0 _aAir conditioning and refrigeration
_c[by] William H. Severns and Julian R. Fellows.
260 _aNew York,
_bWiley
_c[1958]
300 _a563 p.
_billus,
_c24 cm.
526 _a0
_b0
_c0
_d621_560000000000000_SEV
650 0 _aAir conditioning.
_919032
650 0 _aHeating.
_932526
650 0 _aMCE
_9379
650 0 _aRefrigeration and refrigerating machinery.
_919031
700 1 _aFellows, Julian Robert,
_942324
942 _2ddc
_cBK
999 _c546235
_d546235